Vitamin rich cooking : step by step

Bibliographic Details
Other Authors: Payne, Patricia (Compiled by)
Format: Book
Published: London : Tiger Books International , 199?
Subjects:

MARC

LEADER 00000cam a2200000 7i4500
001 0000002850
002 000003085
005 20000330.0
020 |a 1855013134 
090 0 0 |a 641.6318   |b VIT 
245 0 0 |a Vitamin rich cooking :   |b step by step   |c compiled by Patricia Payne 
260 |a London :   |b Tiger Books International ,   |c 199? 
300 |a 64p :   |b illust. ;   |c 28 cm. 
650 0 0 |a Cookery (Rice) 
650 0 0 |a Nutrition 
700 1 |a Payne, Patricia ,   |e Compiled by 
999 |a 035190   |b BUKU   |c PINJAMAN   |e PERPUSTAKAAN KOMUNITI PETALING JAYA 
999 |a 035191   |b BUKU   |c PINJAMAN   |e PERPUSTAKAAN KOMUNITI PETALING JAYA